000 00842cam a22002291 4500
001 ne 68004126
003 DLC
005 20260227111849.0
008 710901s1968 ua d 00010 eng
010 _ane 68004126 //r83
025 _aPL480:UAR-9227
041 0 _aengmul
050 0 _aHF1002
_b.A15
100 2 0 _aʻAbd al-Rāziq, Jamāl al-Dīn.
245 1 4 _aThe commercial, economic & political dictionary
_b& self-educator, English-French-Arabic. [al-Qāmūs al-tijārī al-iqtiṣadi, al-siyāsī, Injilizī-Firinsī-ʻArabī.
_c[taʼlīf] Jamāl al-Dīn ʻAbd al-Rāziq]
260 0 _a[[al-Qāhirah]
_bDār al-Hinā lil-Tibāʻah]
_c1968]
300 _a223 p.
_c21 cm.
350 _a£E1.00
650 0 _aEconomics
_xDictionaries
_xPolyglot.
650 0 _aArabic language
_xDictionaries
_xPolyglot.
740 0 1 _aQāmūs al-tijārī.
999 _c50943
_d50943